Mariano Marcos State University

University Library System

A Computerized sales and inventory management system of the Mariano Marcos State University-Development Cooperative (MMSU-DC), Batac branch (Record no. 9535)

MARC details
000 -LEADER
fixed length control field 00689nam a22001697a 4500
003 - CONTROL NUMBER IDENTIFIER
control field OSt
005 - DATE AND TIME OF LATEST TRANSACTION
control field 20171010095439.0
008 - FIXED-LENGTH DATA ELEMENTS--GENERAL INFORMATION
fixed length control field 120606t xxu||||| |||| 00| 0 eng d
040 ## - CATALOGING SOURCE
Original cataloging agency MMSU
Transcribing agency ULS
100 ## - MAIN ENTRY--PERSONAL NAME
Personal name Failano, Dolly S., Balanay, Renvel R.
9 (RLIN) 10017
245 ## - TITLE STATEMENT
Title A Computerized sales and inventory management system of the Mariano Marcos State University-Development Cooperative (MMSU-DC), Batac branch
Statement of responsibility, etc. Dolly S. Failano, Renvel R. Balanay
260 ## - PUBLICATION, DISTRIBUTION, ETC.
Date of publication, distribution, etc. 2007
300 ## - PHYSICAL DESCRIPTION
Extent xiii, [114] leaves
Dimensions 28 cm.
500 ## - GENERAL NOTE
General note Thesis (BS Computer Science) -- Mariano Marcos State University-College of Arts and Sciences, Batac City
504 ## - BIBLIOGRAPHY, ETC. NOTE
Bibliography, etc. note Bibliography: leaf 48
942 ## - ADDED ENTRY ELEMENTS (KOHA)
Source of classification or shelving scheme
Koha item type Thesis/Dissertation
Holdings
Withdrawn status Lost status Source of classification or shelving scheme Damaged status Not for loan Home library Current library Date acquired Total Checkouts Barcode Date last seen Price effective from Koha item type Public note
          REF REF 06/06/2012   3329-Un 10/10/2017 10/10/2017 Thesis/Dissertation Library Use only

© 2023 Mariano Marcos State University. All Rights Reserved.

Powered by Koha